1788 1876 1846 1416 1589 1311 1256 1504 1281 1984 1297 1148 1437 1101 1581 1330 1703 1884 1016 1616 1954 1520 1408 1805 1553 1057 1380 1503 1503 1354 1614 1452 1892 1866 1635 1512 1410 1799 1056 1507 1392 1460 1769 1589 1567 1355 1628 1499 1142 1426 1847 1365 1971 1074 1768 1638 1146 1932 1061 1187 1463 1810 1349 1609 1674 1268 1975 1778 1798 1974 1435 1725 1709 1496 1177 1398 1226 1730 1517 1067 1375 1713 1969 1295 1344 1331 1879 1360 1714 1357 1540 1530 1964 1342 1599 1673 1745 1324 1877 BCNSPRNW ULIB Ver.6.0+V

เปลี่ยนเป็นภาษาไทย

Change to English
 แสดงรายละเอียดบรรณานุกรม
  กลับหน้าหลัก

Brief Record : Get Marc (ISO 2709) : E-mail record : QR code < ปิดหน้าต่าง
LEADER : 00000nam 2200000uu 4500
001    13399126653
003     ULIB
008    190130s2561||||th 000 0 tha d
020    ^a9786163982995
060    ^aWY16^bส46ป
100    ^aสุพิศ รุ่งเรืองศรี, บรรณาธิการ
245    ^aปฐมนิเทศวิชาชีพการพยาบาลและการผดุงครรภ์ = Introduction to Nursing and Midwifery Profession/^bสุพิศ รุ่งเรืองศรี, บรรณาธิการ
250    ^aพิมพ์ครั้งที่ 1
260    ^aเชียงใหม่ :^bคณะพยาบาลศาสตร์ มหาวิทยาลัยเชียงใหม่,^c2561
300    ^a144 หน้า
650    ^aพยาบาล--วิชาชีพ
945    ^p170^l0^i005097
945    ^p170^l0^i005096
945    ^p170^l0^i005095
945    ^p170^l0^i005094
945    ^p170^l0^i005093
945    ^p170^l0^i005092
945    ^p170^l0^i005091
945    ^p170^l0^i005090
945    ^p170^l0^i005088
945    ^p170^l0^i005089
999    ^aประนอม เกษจรัล
รายการนี้ยังไม่มีแท็ก
คุณยังไม่ได้ล็อกอิน คุณสามารถมีกิจกรรมร่วมกับเว็บไซต์ได้ แต่ต้องล็อกอินก่อน ::
  ล็อกอิน

รายการสื่อสารสนเทศ

ลำดับที่ ประเภท เลขเรียก/บาร์โค้ด สถานที่ สถานะ
1. Book การพยาบาล
หนังสือสำรอง
สถานะ=หนังสือสำรอง
WY16 ส46ป ฉ.1 
  Barcode: 005088
ห้องสมุดวิทยาเขตสวรรค์ประชารักษ์
►หนังสือทั่วไป
บนชั้น
2. Book การพยาบาล
Book การพยาบาล
WY16 ส46ป ฉ.10 
  Barcode: 005097
ห้องสมุดวิทยาเขตสวรรค์ประชารักษ์
►หนังสือทั่วไป
บนชั้น
3. Book การพยาบาล
Book การพยาบาล
WY16 ส46ป ฉ.2 
  Barcode: 005089
ห้องสมุดวิทยาเขตสวรรค์ประชารักษ์
►หนังสือทั่วไป
บนชั้น
4. Book การพยาบาล
Book การพยาบาล
WY16 ส46ป ฉ.3 
  Barcode: 005090
ห้องสมุดวิทยาเขตสวรรค์ประชารักษ์
►หนังสือทั่วไป
บนชั้น
5. Book การพยาบาล
Book การพยาบาล
WY16 ส46ป ฉ.4 
  Barcode: 005091
ห้องสมุดวิทยาเขตสวรรค์ประชารักษ์
►หนังสือทั่วไป
บนชั้น
6. Book การพยาบาล
Book การพยาบาล
WY16 ส46ป ฉ.5 
  Barcode: 005092
ห้องสมุดวิทยาเขตสวรรค์ประชารักษ์
►หนังสือทั่วไป
บนชั้น
7. Book การพยาบาล
Book การพยาบาล
WY16 ส46ป ฉ.6 
  Barcode: 005093
ห้องสมุดวิทยาเขตสวรรค์ประชารักษ์
►หนังสือทั่วไป
บนชั้น
8. Book การพยาบาล
Book การพยาบาล
WY16 ส46ป ฉ.7 
  Barcode: 005094
ห้องสมุดวิทยาเขตสวรรค์ประชารักษ์
►หนังสือทั่วไป
บนชั้น
9. Book การพยาบาล
Book การพยาบาล
WY16 ส46ป ฉ.8 
  Barcode: 005095
ห้องสมุดวิทยาเขตสวรรค์ประชารักษ์
►หนังสือทั่วไป
บนชั้น
10. Book การพยาบาล
Book การพยาบาล
WY16 ส46ป ฉ.9 
  Barcode: 005096
ห้องสมุดวิทยาเขตสวรรค์ประชารักษ์
►หนังสือทั่วไป
บนชั้น

รายการใกล้เคียง
    ผู้แต่ง [สุพิศ รุ่งเรืองศรี, บรรณาธิการ]

    หัวเรื่อง [พยาบาล--วิชาชีพ]

BibComment


ยังไม่เคยถูกคอมเมนท์

คอมเมนท์ทรัพยากรรายการนี้
  คอมเมนท์: ปฐมนิเทศวิชาชีพก..


 Copyright 2026. Bcnsprnw @Library